00258nam a22000977a 450000500170000000800410001702000150005804000080007324500430008126000360012420200817161021.0200817b ||||| |||| 00| 0 eng d a0194423255 cCML aCases in Constitution Law.cKeir, D.L. aLondonbOxford Universityc1928